000 00679nam a2200205Ii 4500
003 JO-AjNU
008 230605s9999||||xx |||||||||||||| ||und||
040 _aJO-AjNU
_bara
_erda
_cJO-AjNU
041 _aara
050 1 4 _aKBP1663 .R2386 2005
100 3 _aالربابعة، أسامة علي مصطفى الفقير,
_eauthor
_956431
245 0 0 _aأصول المحاكمات الشرعية الجزائية
250 _aط1
264 3 1 _aعمان: دار النفائس، 2005
300 _a671ص
336 _atext
_btxt
_2rdacontent
337 _aunmediated
_bn
_2rdamedia
338 _avolume
_bnc
_2rdacarrier
650 4 _aالمحاكمات الجنائية 
_956432
999 _aA25228
_c28796
_d28796